000 005610000a22001690004500
090 _aAR
_b01891
245 1 0 _aEspecies criticas de los alrededores de los Farallones de Cali
650 1 4 _aVegetación
_992799
650 1 4 _aEspecies en peligro
_993276
650 1 4 _aDistribución restringida
_995348
650 1 4 _aPresión directa
_995349
651 4 _lReserva Natural El refugio
_mDagua
_dValle del Cauca
_pColombia
_992749
041 0 _aEspañol
100 1 _aCalderón Sáez, Eduardo
_91494
942 _cARTICULO
773 1 _tNature Conservancy
_3632
_q36-43
_d1993
999 _c10968
_d10968